Gotfrīda Kellera noveles «Ciemata Romeo un Džuljeta» un Rūdolfa Blaumaņa noveles «Romeo un Jūlija» komparatīvā analīze
| Titel: | Gotfrīda Kellera noveles «Ciemata Romeo un Džuljeta» un Rūdolfa Blaumaņa noveles «Romeo un Jūlija» komparatīvā analīze / Karīne Laganovska |
|---|---|
| Verfasser: | |
| In: |
Rūdolfs Blaumanis: teksts un konteksts, (2013), Seite 311-319 alle Artikel anzeigen |
| Veröffentlicht: | 2013 |
| Umfang: | 1 Diagramm |
| Format: | Aufsatz |
| Sprache: | Lettisch |
X
alg: 46977170 001A $03025:23-09-20 001B $01999:24-09-20 $t22:47:16.000 001D $03025:23-09-20 001U $0utf8 001X $00 002@ $0Aou 002C $aText $btxt $2rdacontent 002D $aohne Hilfsmittel zu benutzen $bn $2rdamedia 002E $aBand $bnc $2rdacarrier 003@ $0469771704 007A $0469771704 $aHEB 010@ $alav 010E $erda 011@ $a2013 $n2013 021A $aGotfrīda Kellera noveles «Ciemata Romeo un Džuljeta» un Rūdolfa Blaumaņa noveles «Romeo un Jūlija» komparatīvā analīze $hKarīne Laganovska 028A $BVerfasser $4aut $7133536181 $8Laganovska, Karīne$Z1970- [Tp3] $9191579955 031A $g9 $h311-319 $j2013 034M $a1 Diagramm 039B $aEnthalten in $8--Aau--. Rūdolfs Blaumanis: teksts un konteksts. - Rīga : LU Akadēmiskais apgāds, 2013. - 486 Seiten. - Illustrationen, Karten. - ISBN 978-9984-45-781-9 $x201300000000000689 $9462979644 044K $#Blauman, R. $#Blauman, Rudolʹf $#Blaumanis, Rudolʹf $#Blaumann, Rudolf $7118511610 $8Blaumanis, Rūdolfs$Z1863-1908 [Tp1] $9086852744 044K $#Keller, Gottfried $#Kerā $#Kai le $#Kaile $#Keler, Gotfrid $#Keleri, Gotpʹrid $#Kīllir, Ǧūtfrīd $#Keller, Gotfryd $#Keller, Gotfrid $#Keller, Goffredo $#Kaile, Gaotefeilite $#Keller, Gkoto̲fri̲nt $#高·凯勒 $#ケラー, ゴットフリート $#凯勒, 高 $#ケラー・ゴットフリート $#קלר, גוטפריד $#凱勒 $711856109X $8Keller, Gottfried$Z1819-1890 [Tp1] $9086902121 044K $#Lettland $#Lettland $#Latvija $#Latvijas Republika $#Lettische Republik $#Lettische SSR $#Latvijskaja SSR $74074187-4 $8Lettland [Tg1] $9085208876 044K $RKurzepik $RErzählung $#Short story $#Short stories $#Nouvelles $#Novela corta $#Novellen $74042706-7 $8Novelle [Ts1] $9085118443 044K $RKulturkontakt $#Literarische Beziehungen $#Literaturbeziehung $#Literarische Beziehung $74035965-7 $8Literaturbeziehungen [Ts1] $9085097136 045F $a809 $eDDC23BSB 045F/01 $a809 045F/03 $f09034 045F/03 $g4796 045R $aIdeengeschichte 1890-1905 046L $aEnglische Zusammenfassung unter dem Titel: A Comparative analysis of Gottfried Keller's novella "Romeo and Juliet of the Village" and Rūdolfs Blaumanis' novella "Romeo and Julia" lok: 46977170 78 exp: 46977170 78 1 #EPN 201B/01 $023-09-20 $t14:18:00.000 201C/01 $023-09-20 201U/01 $0utf8 203@/01 $01123832560 208@/01 $a23-09-20 $be 209A/01 $a/ $f000 $x00 209A/01 $ab*p $x01 220C/01 $akoe 247C/01 $82080>Marburg/Lahn, Herder-Institut, Forschungsbibliothek, Bibliographieportal $9336309341
| LEADER | 00000caa a2200000 c 4500 | ||
|---|---|---|---|
| 001 | 469771704 | ||
| 003 | DE-603 | ||
| 005 | 20200924224716.0 | ||
| 007 | tu | ||
| 008 | 200923s2013 xx |||| | u00||u|lav c | ||
| 035 | |a (DE-599)HEB469771704 | ||
| 040 | |a DE-603 |b ger |c DE-603 |d DE-603 |e rda | ||
| 041 | |a lav | ||
| 082 | 0 | 4 | |8 1\u |a 809 |q DE-101 |2 23/BSB |
| 085 | |8 1\u |b 809 | ||
| 085 | |8 1\u |z 1 |s 09034 | ||
| 085 | |8 1\u |z 2 |s 4796 | ||
| 100 | 1 | |a Laganovska, Karīne |d 1970- |e Verfasser |4 aut |0 (DE-603)191579955 |0 (DE-588)133536181 |2 gnd | |
| 245 | 0 | 0 | |a Gotfrīda Kellera noveles «Ciemata Romeo un Džuljeta» un Rūdolfa Blaumaņa noveles «Romeo un Jūlija» komparatīvā analīze |c Karīne Laganovska |
| 264 | 0 | |c 2013 | |
| 300 | |b 1 Diagramm | ||
| 336 | |a Text |b txt |2 rdacontent | ||
| 337 | |a ohne Hilfsmittel zu benutzen |b n |2 rdamedia | ||
| 338 | |a Band |b nc |2 rdacarrier | ||
| 546 | |a Englische Zusammenfassung unter dem Titel: A Comparative analysis of Gottfried Keller's novella "Romeo and Juliet of the Village" and Rūdolfs Blaumanis' novella "Romeo and Julia" | ||
| 600 | 1 | 7 | |a Blaumanis, Rūdolfs |d 1863-1908 |0 (DE-588)118511610 |0 (DE-603)086852744 |2 gnd |
| 600 | 1 | 7 | |a Keller, Gottfried |d 1819-1890 |0 (DE-588)11856109X |0 (DE-603)086902121 |2 gnd |
| 648 | 7 | |a Ideengeschichte 1890-1905 |2 gnd | |
| 650 | 7 | |a Novelle |0 (DE-588)4042706-7 |0 (DE-603)085118443 |2 gnd | |
| 650 | 7 | |a Literaturbeziehungen |0 (DE-588)4035965-7 |0 (DE-603)085097136 |2 gnd | |
| 651 | 7 | |a Lettland |0 (DE-588)4074187-4 |0 (DE-603)085208876 |2 gnd | |
| 773 | 0 | 8 | |i Enthalten in |t Rūdolfs Blaumanis: teksts un konteksts |d Rīga : LU Akadēmiskais apgāds, 2013 |h 486 Seiten, Illustrationen, Karten |z 9789984457819 |g (2013), Seite 311-319 |w (DE-603)462979644 |
| 924 | 0 | |9 2080 |a (DE-603)1123832560 |b DE-2080 |c HES |d d |g / | |


